000 00348 a2200145 4500
001 180116
020 _a
040 _cMagnum
100 _aBoas, Marion Villas
240 1 0 _aFadas, dragoes e princesas nem tanto
_lpor
245 1 0 _aFadas, dragoes e princesas nem tanto
362 0 _a1899
697 _aMAGNITO: IJ/FADAS, FANTASIA
942 _cBK
999 _c180116
_d180116